Pavilón spoločenských vied SAV

Guardado en:
Detalles Bibliográficos
Autor principal: Rajnic, Alfréd (Autor)
Otros Autores: Boroš, Andrej (Orientador)
Formato: Manuscrito Libro
Lenguaje:eslovaco
Publicado: Bratislava 2023
Materias:
Acceso en línea:http://is.stuba.sk/zp/portal_zp.pl?podrobnosti=170343
Etiquetas: Agregar Etiqueta
Sin Etiquetas, Sea el primero en etiquetar este registro!

MARC

LEADER 00000ntm a22000003a 4500
001 stuzp94506
003 SK-STU
005 20231011100421.1
007 ta
008 150427s2015----xo-----f-mn---000-0-slo-d
040 |a STU  |b slo 
041 0 |a slo 
100 1 |a Rajnic, Alfréd  |u 058180  |4 aut  |U FAD Fakulta architektúry a dizajnu  |T FAD Ústav architektúry občianskych budov  |X 93754  |U A8180  |Y 399  |7 93754 
242 0 1 |a SAV's Social Sciences Pavillion  |y eng 
245 1 0 |a Pavilón spoločenských vied SAV 
260 |c 2023  |a Bratislava 
650 4 |a Pavilón spoločenských vied  |2 slo 
650 4 |a multifunkčnosť  |2 slo 
650 4 |a kontext  |2 slo 
650 4 |a interakcia  |2 slo 
650 4 |a flexibilita  |2 slo 
650 4 |a multifunctionality  |2 eng 
650 4 |a context  |2 eng 
650 4 |a interaction  |2 eng 
650 4 |a flexibility  |2 eng 
650 4 |a Social Science Pavilion  |2 eng 
700 1 |a Boroš, Andrej  |4 ths  |X 15526  |7 A000015526 
856 4 |u http://is.stuba.sk/zp/portal_zp.pl?podrobnosti=170343  |u https://opac.crzp.sk/?fn=detailBiblioForm&sid=1755732D0F093F437CA335EAC795